000 01293nam a2200313 a 4500
001 ebr10583709
003 CaPaEBR
006 m u
007 cr cn|||||||||
008 120803s2012 enka s 000 0 eng d
020 _z9781849685740
020 _z9781849685757 (e-book)
040 _aCaPaEBR
_cCaPaEBR
035 _a(OCoLC)808340926
050 1 4 _aQA76.9.C55
_bS53 2012eb
100 1 _aShah, Ritesh.
245 1 0 _aMicrosoft SQL Server 2012 performance tuning cookbook
_h[electronic resource] :
_b80 recipes to help you tune SQL Server 2012 and achieve optimal performance /
_cRitesh Shah, Bihag Thaker.
260 _aBirmingham :
_bPackt Pub.,
_c2012.
300 _aiv, 460 p. :
_bcol. ill.
490 0 _aEnterprise : professional expertise distilled
500 _a"Quick answers to common problems."
533 _aElectronic reproduction.
_bPalo Alto, Calif. :
_cebrary,
_d2011.
_nAvailable via World Wide Web.
_nAccess may be limited to ebrary affiliated libraries.
630 0 0 _aSQL server.
650 0 _aClient/server computing.
655 7 _aElectronic books.
_2local
700 1 _aThaker, Bihag.
710 2 _aebrary, Inc.
856 4 0 _uhttp://site.ebrary.com/lib/rucke/Doc?id=10583709
_zAn electronic book accessible through the World Wide Web; click to view
999 _c185653
_d185653